Análisis y evaluación de proyectos de inversión

Bibliographic Details
Main Author: Coss Bu, Raúl
Format: Section = Libro
Language:Undetermined
Spanish
Published: México Limusa 2009
Edition:2a. ed.
Subjects:
LEADER 00699nam a2200229Ia 4500
008 240830s9999 xx 000 0 und d
020 |a 968-18-1327-8 
040 |a CEDOC FIQ-RUSB / 658.1513 C836 
041 |a spa 
082 |a 658.1513 C836 
100 1 |a Coss Bu, Raúl 
245 1 0 |a Análisis y evaluación de proyectos de inversión 
250 |a 2a. ed. 
260 |a México  |b Limusa  |c 2009 
300 |a 375 p. :il. 
650 7 |a ANALISIS FINANCIERO - EVALUACION DE PROYECTOS 
650 7 |b  PROYECTOS DE INVERSION COSTO DE CAPITAL 
650 7 |c  SELECCION DE PROYECTOS ANALISIS DE RIESGO 
650 7 |d  EVALUACION DE PROYECTOS DE INVERSION 
942 |c BK  |2 ddc 
991 |a TEXTO 
999 |c 13099